| 000 | 00434nam a22001577a 4500 | ||
|---|---|---|---|
| 008 | 151015b xxu||||| |||| 00| 0 eng d | ||
| 020 | _a025618150 | ||
| 041 | 0 | _aeng | |
| 080 | _a657 | ||
| 245 | 1 |
_aAdvanced accounting/ _cJoe B. Hoyle; Thomas F. Schaefer; Timothy S. Doupnik; |
|
| 250 | _a5th ed. | ||
| 260 |
_aUSA: _bMcGraw-Hill Companies; _c1998. |
||
| 300 |
_a916 f.: _bme il.; _c25 cm. |
||
| 650 | 0 | _aKontabilitet | |
| 942 |
_2udc _cBK |
||
| 999 |
_c1307 _d1307 |
||